Les Amants de Venise (Record no. 173068)

MARC details
000 -LEADER
campo de control de longitud fija 00710nam a2200193 i 4500
001 - NÚMERO DE CONTROL
campo de control 173068
003 - IDENTIFICADOR DE NÚMERO DE CONTROL
campo de control ES-MaACL
005 - FECHA Y HORA DE LA ÚLTIMA TRANSACCIÓN
campo de control 20230906215126.0
008 - DATOS DE LONGITUD FIJA--INFORMACIÓN GENERAL
campo de control de longitud fija 091026s1956 fr |||| | fre d
080 ## - NÚMERO DE LA CLASIFICACIÓN DECIMAL UNIVERSAL
Número de la Clasificación Decimal Universal 782.6
100 1# - ENTRADA PRINCIPAL--NOMBRE DE PERSONA
Nombre de persona Varna, Henri.
9 (RLIN) 141480
245 14 - MENCIÓN DEL TÍTULO
Título Les Amants de Venise
Resto del título : opérette à grand spectacle en 2 actes et 17 tableaux /
Mención de responsabilidad, etc. livret de Henri Varna, Marc-Cab et René Richard...; musique de Vincent Scotto.
260 ## - PUBLICACIÓN, DISTRIBUCIÓN, ETC.
Lugar de publicación, distribución, etc. Paris :
Nombre del editor, distribuidor, etc. Joubert,
Fecha de publicación, distribución, etc. 1956.
300 ## - DESCRIPCIÓN FÍSICA
Extensión 167 p. ;
Dimensiones 16 cm.
650 #4 - PUNTO DE ACCESO ADICIONAL DE MATERIA--TÉRMINO DE MATERIA
Término de materia o nombre geográfico como elemento de entrada Operetas-
Subdivisión de forma Libretos.
9 (RLIN) 139352
700 1# - ENTRADA AGREGADA--NOMBRE PERSONAL
Nombre de persona Scotto, Vincent.
9 (RLIN) 139656
700 1# - ENTRADA AGREGADA--NOMBRE PERSONAL
Nombre de persona Richard, René.
9 (RLIN) 141481
852 4# - LOCALIZACIÓN
Ubicación ES-MaACL
Número de control de estantería E-13041
itemnumber R.190363 . -
Nota libre Biblioteca Jacinto Martínez Lacalle
Holdings
Estatus retirado Estado de pérdida Estado de daño No para préstamo Biblioteca de origen Biblioteca actual Ubicación en estantería Fecha de adquisición Fuente de adquisición Total de préstamos Signatura topográfica completa Código de barras Visto por última vez Precio de reemplazo Tipo de ítem Koha
        Biblioteca del Ateneo de Madrid Biblioteca del Ateneo de Madrid Depósito 2 26/10/2009     E-13041 1181600 23/02/2023 23/02/2023 Libro impreso